000 00786cam a2200253 i 4500
999 _c235026
_d235026
001 2206626
003 Nust
005 20170405114552.0
008 750623s1975 enka b 001 0 eng
010 _a 74032541
015 _aGB***
020 _a0306365065
040 _aDLC
_cASAB
_dDLC
050 0 0 _aQP601
_b.E516
082 0 0 _a574.1
245 0 0 _aEnzyme induction /
_cedited by Dennis V. Parke.
260 _aLondon ;
_aNew York :
_bPlenum Press,
_c[1975]
300 _axii, 328 p. :
_bill. ;
_c24 cm.
440 0 _aBasic life sciences ;
_vv. 6
504 _aIncludes bibliographies and index.
650 0 _aEnzymes
_xSynthesis.
700 1 _aParke, Dennis V.
906 _a7
_bcbc
_corignew
_d2
_eocip
_f19
_gy-gencatlg
942 _2ddc
_cBK